| 000 | 00677nam a2200205Ia 4500 | ||
|---|---|---|---|
| 001 | 12906 | ||
| 003 | GE_BSU | ||
| 008 | 181216s||||||||xx |||||||||||||| ||und|| | ||
| 040 | _cGE_BSU | ||
| 080 | _a632 | ||
| 245 | _aНеорганические инсектициды,фунгициды и зооциды:Сборник работ | ||
| 245 | _bВып.167 | ||
| 245 | _cПод.ред.В.и.Орлова. Ред.А.Г.Сокольский | ||
| 260 | _aМосква | ||
| 260 | _bГосхимиздат | ||
| 260 | _c1960 | ||
| 300 | _a216стр.20см. | ||
| 653 | _aНеорганические инсектициды,фунгициды и зооциды | ||
| 942 | _cBK | ||
| 999 |
_c46076 _d46076 |
||